Central Library OPAC University of Rajshahi

The theory of financial decisions / (Record no. 17159)

MARC details
000 -LEADER
fixed length control field 00847pam a2200289 i 4500
001 - CONTROL NUMBER
control field 17159
003 - CONTROL NUMBER IDENTIFIER
rucl marc code BD-RjUL
005 - DATE AND TIME OF LATEST TRANSACTION
control field 20211209000110.0
008 - FIXED-LENGTH DATA ELEMENTS--GENERAL INFORMATION
fixed length control field 140216s1979 nyua b 001 0 eng
020 ## - INTERNATIONAL STANDARD BOOK NUMBER
International Standard Book Number 0070255687
035 ## - SYSTEM CONTROL NUMBER
System control number (BD-RjUL)17216
040 ## - CATALOGING SOURCE
Original cataloging agency DLC
Transcribing agency DLC
Modifying agency DLC
Language of cataloging eng
041 ## - LANGUAGE CODE
Language code of text/sound track or separate title eng
082 00 - DEWEY DECIMAL CLASSIFICATION NUMBER
Classification number 658.15
Author mark and year HAT 1979
100 1# - MAIN ENTRY--PERSONAL NAME
Personal name Haley, Charles W.
9 (RLIN) 49243
245 14 - TITLE STATEMENT
Title The theory of financial decisions /
Statement of responsibility, etc. Charles W. Haley, Lawrence D. Schall.
250 ## - EDITION STATEMENT
Edition statement 2d ed.
260 ## - PUBLICATION, DISTRIBUTION, ETC. (IMPRINT)
Place of publication, distribution, etc. New York :
Name of publisher, distributor, etc. McGraw-Hill,
Date of publication, distribution, etc. c1979.
300 ## - PHYSICAL DESCRIPTION
Pagination xvi, 508 p. :
Illustrations ill. ;
Size 25 cm.
490 0# - SERIES STATEMENT
Series statement McGraw-Hill series in finance
504 ## - BIBLIOGRAPHY, ETC. NOTE
Bibliography, etc Includes index.
650 #0 - SUBJECT ADDED ENTRY--TOPICAL TERM
Topical term or geographic name as entry element Business enterprises
General subdivision Finance.
9 (RLIN) 52929
700 1# - ADDED ENTRY--PERSONAL NAME
Personal name Schall, Lawrence D.,
Relator term joint author.
942 ## - ADDED ENTRY ELEMENTS (KOHA)
Source of classification or shelving scheme Dewey Decimal Classification
Koha item type Books
Holdings
Lost status Source of classification or shelving scheme Damaged status Not for loan Collection code Permanent Location Current Location Shelving location Date acquired Source of acquisition Cost, normal purchase price Total Checkouts Full call number Date last seen Copy number Koha item type
  Dewey Decimal Classification     Non-fiction Central Library, University of Rajshahi Central Library, University of Rajshahi   30/04/1986 Tappan 46.95   658.15 HAT 1979 16/02/2014 C-5 Books
  Dewey Decimal Classification   Not For Loan Non-fiction Central Library, University of Rajshahi Central Library, University of Rajshahi Reading Room 05/10/1983 Tulip Interprise , Dhaka 7.95   658.15 HAT 1979 03/07/2019 C-1 Books
  Dewey Decimal Classification     Non-fiction Central Library, University of Rajshahi Central Library, University of Rajshahi   30/04/1986 Tulip Interprise , Dhaka 46.95   658.15 HAT 1979 03/07/2019 C-2 Books